Lesné požiare /

Uložené v:
Podrobná bibliografia
Hlavní autori: Monoši, Mikuláš, Majlingová, Andrea (Author), Kapusniak, Jaroslav (Author)
Médium: Kniha
Jazyk:Slovak
Vydané: Žilina : Žilinská univerzita v Žiline, 2015.
Vydanie:1. vyd.
Edícia:Odborné knižné publikácie
Témy:
ISBN: 9788055409719 (brož.)
Fyzický popis: 200 s. : fotogr., grafy, il., mp., sch., tab. ; 25 cm.
Tagy: Pridať tag
Žiadne tagy, Buďte prvý kto otaguje tento záznam!

MARC

LEADER 00000nam a22000005a 4500
001 000487549
005 20151120083411.0
008 150505s2015 xo abloe 000 0 slo d
020 |a 9788055409719 (brož.) 
040 |a SVKKK  |b slo  |c SVKKK  |e AACR2 
041 0 |a slo  |b eng 
044 |a xo  |c SK 
072 7 |a 630  |x Lesníctvo  |2 konspekt 
080 |a 630.43  |2 2001 
080 |a 614.841.3  |2 2001 
080 |a (048.8)  |2 2001 
100 1 |a Monoši, Mikuláš 
245 1 0 |a Lesné požiare /  |c Mikuláš Monoši, Andrea Majlingová, Jaroslav Kapusniak. 
250 |a 1. vyd. 
260 |a Žilina :  |b Žilinská univerzita v Žiline,  |c 2015. 
300 |a 200 s. :  |b fotogr., grafy, il., mp., sch., tab. ;  |c 25 cm. 
366 |e 100 výtl. 
490 1 |a Odborné knižné publikácie 
500 |a Slovník 
504 |a Bibl. odkazy; skratky: s. 197-198 
546 |a Resumé angl. 
650 0 7 |a lesné požiare  |2 SVKKKPH 
650 0 7 |a požiarna bezpečnosť  |2 SVKKKPH 
655 7 |a monografie  |2 SVKKKPH 
700 1 |a Majlingová, Andrea  |4 aut 
700 1 |a Kapusniak, Jaroslav  |4 aut 
810 2 |a Žilinská univerzita v Žiline (Žilina, Slovensko).  |t Odborné knižné publikácie 
910 |a svkkk 
919 |a 978-80-554-0971-9 
998 |a BK 
090 |g SCKHL  |k Študovňa kníh  |a IV.224649  |j 1066389  |i 2720335012  |s Príručka / Študovňa 
090 |g SCKHL  |k Sklad Hlavná 10 prízemie  |a IV.224650  |j 1066390  |i 2720335011  |s Absenčne